Регионална библиотека "Любен Каравелов" - Русе

Златната лисица (Запис номер 113313)

MARC детайли
000 -Лидер
Контролно поле с фиксирана дължина nam a22 a 4500
003 - Код на организацията, давaща контролен номер
Контролно поле BLK
005 - Дата и час на последна редакция
Контролно поле 20230308151843.0
008 - Елементи от данни с фиксирана дължина
fixed length control field 180409b bul|||||r ||||||| ||bul||
010 ## - Наследен системен номер
LC control number KNG00118714000
020 ## - Международен стандартен номер на книга ISBN
Международен стандартен номер на книга ISBN 954-404-028-5
040 ## - Източник на каталожния запис
Идентификатор на билиотеката - собственик на записа BLK
041 ## - Код за език
Код за езика на текст/звукозапис или на отделно заглавие Български
Код за езика КДБФ Български
080 ## - УДК
Текстов определител УДК ?Литература на ЮАР
УДК код - определител по УДК 896(680)
УДК определител -31
УДК - код + определител 896(680)-31
100 1# - Редна дума - Автор
Автор Смит, Уилбър Едисън
Авторска отговорност първи автор
R(LIN) 242238
139 ## - Редно поле
Редна дума Смит, Уилбър Едисън
Авторски знак Сми - С 47
245 10 - Сведения за заглавието
Заглавие Златната лисица
Подзаглавни данни Роман
Редно поле (дума) Уилбър Едисън Смит; прев. от англ. Евгения Петкова; прев. от англ. Диана Иванова Веселинова; прев. от англ. Ирина Ненчева Васева.
257 ## - Страна на издаване
Страна на създаване/издаване Южно-африканска република
260 ## - Област на издателските данни
Място на издаване, разпространение и проч. София
Име на издателя, разпространителя и проч. Ведрина
Година на издаване 1992
300 ## - Физическа характеристика
Страници 590 с.
Размери/Мащаб 20 см
380 ## - Жанр
Жанр Худож. лит.
500 ## - Общи забележки
Забележка Ориг. загл. Golden Fox / Wildur Smith. - Офс. изд.
653 ## - Ключова дума – ненормативна
Ключова дума романи
700 1# - Други автори (авторска отговорност)
Лично име Петкова, Евгения
Автороска отговорност (Описва отношението между автора и произведението) прев. от англ.
9 (RLIN) 255492
700 1# - Други автори (авторска отговорност)
Лично име Веселинова, Диана Иванова
Автороска отговорност (Описва отношението между автора и произведението) прев. от англ.
9 (RLIN) 376066
700 1# - Други автори (авторска отговорност)
Лично име Васева, Ирина Ненчева
Автороска отговорност (Описва отношението между автора и произведението) прев. от англ.
9 (RLIN) 364123
852 ## - Местоположение
Форматна сигнатура Цб 170265
Фондова буква Хранилище
856 4# - Електронен адрес и достъп
Електронен формат pdf - файл
Инструкция (цена за достъп) 0.00
Права за достъп disable
856 4# - Електронен адрес и достъп
Електронен формат pdf - файл
Инструкция (цена за достъп) 0.00
Права за достъп disable
999 ## - СИСТЕМНИ КОНТРОЛНИ НОМЕРА
Koha biblionumber 113313
Koha biblioitemnumber 113313
942 ## - АРТИКУЛИ
Вид на библиотечния материал Книги
Скрит в OPAC Не
Koha issues (borrowed), all copies 6
Периодичен библиозапис Да
944 ## - СЪЗДАВАНЕ И РЕДАКЦИЯ на ЗАПИСА
Създаване/Редакция Създаване
Дата на регистрацията/редакция 18.06.2012
Статус, дата на статуса ф /
Служител, извършил регистрацията/редакцията Людмила_Стоянова
944 ## - СЪЗДАВАНЕ И РЕДАКЦИЯ на ЗАПИСА
Създаване/Редакция Редакция
Дата на регистрацията/редакция 30.11.2012
Статус, дата на статуса ф /
999 ## - СИСТЕМНИ КОНТРОЛНИ НОМЕРА
Koha biblioitemnumber 113313
Наличности
Код за отписване Код за изгубен артикул Код за повреда Коз за рестрикции Код за отдаване Артикулен № Име на библиотеката - собственик Име на библиотеката, в която се намира в момента Статус (Текущо местоположение) Дата на вписване в системата Местоположение - отдел Цена в лева Инвентарен номер Систематично азбучна сигнатура Баркод Номер на екземпляра Цена в евро Служебна бележка Служебен тип на артикула Източник на класификационната схема
  Не е изгубен Не е повреден без рестрикции заемане за дома 181520 Регионална библиотека "Любен Каравелов" Русе Регионална библиотека "Любен Каравелов" Русе Заемна - подръчен фонд 2012-06-18 Заемна - подръчен фонд 34.00 120000758352 П 896-31/С 47 120000758352 1 17.38 Дост: DA Вид: А N: 11 Дата: 18.06.2012 Книги  
  Не е изгубен Не е повреден без рестрикции ползва се в читалня 181521 Регионална библиотека "Любен Каравелов" Русе Регионална библиотека "Любен Каравелов" Русе Хранилище 1992-01-01 Хранилище 1.19 575929 Цб 170265 120000575929 2 0.61 Дост: Dp Вид: Д N: стар фонд Дата: 01.01.1992 Книги Universal Decimal Classification
Изтеглен Не е изгубен Не е повреден без рестрикции заемане за дома 181522 Регионална библиотека "Любен Каравелов" Русе Регионална библиотека "Любен Каравелов" Русе Заемна - подръчен фонд 1992-01-01 Заемна - подръчен фонд 34.00 574587 П 896-31/С 47 574587 3 17.38 Дост: Pk Вид: Ф N: стар фонд Дата: 01.01.1992 Книги Universal Decimal Classification
Vip Innovations Ltd, Rousse, Bulgaria 2025